000 00302nam a22001337a 4500
008 181029b xxu||||| |||| 00| 0 eng d
020 _a0809312581
041 _aeng
080 _a371
100 _a46
101 _aEDU
245 _aEssays on Education and Politics 1915
_cDewey, J
942 _2udc
_cBK
999 _c51050
_d51050